000 01138cam a22003014a 4500
999 _c7272
_d7272
001 12268435
003 GBCCL
005 20241126110624.0
008 010103s2001 nyua 001 0 eng
010 _a 2001016230
020 _a0762103450
040 _aDLC
_cDLC
_dDLC
042 _apcc
050 0 0 _aQA76.5
_b.R397 2001
082 0 0 _a004.16
_221
_bREA
245 0 0 _aReader's digest the new beginner's guide to home computing.
246 3 0 _aNew beginner's guide to home computing
250 _aRev., updated for Windows Me
260 _aPleasantville, N.Y. :
_bReader's Digest Association,
_cc2001.
300 _a192 p. :
_bcol. ill. ;
_c30 cm.
500 _aRev. ed of: Reader's digest beginner's guide to home computing. 1998.
650 0 _aMicrocomputers.
_912880
710 2 _aReader's Digest Association.
_96294
740 0 _aReader's digest beginner's guide to home computing.
906 _a7
_bcbc
_corignew
_d1
_eocip
_f20
_gy-gencatlg
942 _2ddc
_cREF